Southville International School and Colleges
Your cart is empty.
  • Cart
  • Lists
    Public lists Eva Luna New books Lux_list list_1
    Your lists Log in to create your own lists
  • Log in to your account
  • Your cookies
  • Search history
Southville International School and Colleges
  • Advanced search
  • Recent comments
  • Most popular
  • Libraries

Log in to your account

Log in with GOOGLE


If you do not have an external account, but do have a local account, you can still log in:

  1. Home
  2. MARC view: Women's poker night :
Normal view MARC view ISBD view

Women's poker night : (Record no. 339941)

[ view plain ]
MARC details
000 -LEADER
fixed length control field 00691nam a2200265Ia 4500
008 - FIXED-LENGTH DATA ELEMENTS--GENERAL INFORMATION
fixed length control field 170711s9999 xx 000 0 und d
020 ## - INTERNATIONAL STANDARD BOOK NUMBER
International Standard Book Number 9780818407079
050 ## - LIBRARY OF CONGRESS CALL NUMBER
Classification number 795.41
050 ## - LIBRARY OF CONGRESS CALL NUMBER
Item number M875 2007
245 ## - TITLE STATEMENT
Title Women's poker night :
245 ## - TITLE STATEMENT
Remainder of title stories and strategies from the feminine side og the felt /
245 ## - TITLE STATEMENT
Statement of responsibility, etc edited by Maryann Morrison.
260 ## - PUBLICATION, DISTRIBUTION, ETC. (IMPRINT)
Place of publication, distribution, etc New York :
260 ## - PUBLICATION, DISTRIBUTION, ETC. (IMPRINT)
Name of publisher, distributor, etc Lyle Stuart,
260 ## - PUBLICATION, DISTRIBUTION, ETC. (IMPRINT)
Date of publication, distribution, etc 2007
300 ## - PHYSICAL DESCRIPTION
Extent x, 223 pages :
300 ## - PHYSICAL DESCRIPTION
Other physical details illustrations ;
300 ## - PHYSICAL DESCRIPTION
Dimensions 21cm.
500 ## - GENERAL NOTE
General note Includes glossary.
650 ## - SUBJECT ADDED ENTRY--TOPICAL TERM
Topical term or geographic name as entry element Poker --
650 ## - SUBJECT ADDED ENTRY--TOPICAL TERM
Topical term or geographic name as entry element Poker.
650 ## - SUBJECT ADDED ENTRY--TOPICAL TERM
Topical term or geographic name as entry element Women poker players.
650 ## - SUBJECT ADDED ENTRY--TOPICAL TERM
General subdivision Anecdotes.
700 ## - ADDED ENTRY--PERSONAL NAME
Personal name Morrison, Maryann.

No items available.

Women's poker night :

APA

Morrison M., .Women's poker night. New York: .

Chicago

Morrison Maryann, .Women's poker night. New York: .

Harvard

Morrison M., .Women's poker night. New York: .

MLA

Morrison Maryann, .New York: . .

  • Print
  • Cite
  • Add to your cart (remove)
  • Save record
    BIBTEX Dublin Core MARCXML MARC (non-Unicode/MARC-8) MARC (Unicode/UTF-8) MARC (Unicode/UTF-8, Standard) MODS (XML) RIS
  • More searches
    Search for this title in:
    Other Libraries (WorldCat) Other Databases (Google Scholar) Online Stores (Bookfinder.com) Open Library (openlibrary.org)

Exporting to Dublin Core...

SOUTHVILLE LIBRARY

Southville International School and Colleges Library

1281 Tropical Ave. Cor. Luxembourg St., BF Homes International, Las Pinas City

Tel. No. 8256374 / 252358 Loc. 117/146

Powered by Koha